| 000 | 00358nam a2200157Ia 4500 | ||
|---|---|---|---|
| 008 | 210210b1928 xxu||||| |||| 00| 0 eng d | ||
| 041 | _aeng | ||
| 082 | _a920/99 | ||
| 100 | _aWEIGALL (Arthur) | ||
| 245 | _aAncient Egypt | ||
| 260 |
_aLondon _bErnest Benn Limited _c1928 |
||
| 650 | _aEgypt | ||
| 650 | _aAncient | ||
| 690 | _aHistory | ||
| 906 | _a024841 | ||
| 999 |
_c150461 _d150461 |
||